Capitales mondiales les plus proches de Singapour - Statistiques

Statistiques générales
  • Ce quiz a été pris 87 fois
  • Le résultat moyen est 11 sur 20
Statistiques - réponses
km capitale % Correct
902 Jakarta
93%
4465 Pékin
90%
309 Kuala Lumpur
89%
1426 Bangkok
84%
4142 New Delhi
84%
2198 Hanoï
73%
2391 Manille
73%
1855 Vientiane
64%
2881 Dacca
58%
3250 Taipei
58%
2652 Dili
50%
1142 Phnom Penh
50%
3530 Katmandou
46%
4813 Islamabad
44%
1296 Bandar Seri Begawan
41%
3380 Malé
38%
3274 Thimphou
38%
2210 Naypyidaw
36%
2720 Colombo
29%
3481 Ngerulmud
11%
Aucun quiz correspondant
Distribution des résultats
% des personnes avec chaque résultat
Percentile par nombre de réponses
Votre historique - résultats
Vous n’avez pas pris ce quiz